| 000 | 00783nam a2200265Ia 4500 | ||
|---|---|---|---|
| 003 | OSt | ||
| 005 | 20220926005052.0 | ||
| 006 | a|||||r|||| 00| 0 | ||
| 007 | ta | ||
| 008 | 220923b |||||||| |||| 00| 0 eng d | ||
| 020 | _a8170360781 | ||
| 037 | _cGeneral Book | ||
| 040 |
_aRTL _cRTL _beng |
||
| 041 |
_2eng _aeng |
||
| 082 | _aY11:53.2.N8, M8 | ||
| 100 |
_aJain Anrudh K _9309679 |
||
| 245 | 0 |
_aInfant morality in India _bDifferentials and determination |
|
| 260 |
_a New Delhi _bSage Publications _c1988 |
||
| 300 |
_a398p _ccm. |
||
| 500 | _aBibliography P 375-88 | ||
| 650 | _aJuvenile Deliquency | ||
| 700 |
_a Visaria Pravin _9309680 |
||
| 942 |
_hY11:53.2.N8, M8 _cGB _2CC |
||
| 999 |
_c612881 _d612881 |
||